| 000 | 00759cam a2200229 4500 | ||
|---|---|---|---|
| 001 | WB3714-44 | ||
| 008 | 000000n2001 000 0 eng u | ||
| 035 | _a(Sirsi) u111809 | ||
| 245 | _aNorthern Ireland cull larger than expected | ||
| 260 | _c2001 | ||
| 490 |
_aBirmingham Post _v 3 April 2001, 6(1) |
||
| 520 | _aA cull of sheep in Northern Ireland has become bigger than expected. The cull was carried out to allow meat exports to resume. The increase was put down to lambing and an extension of the area involved. | ||
| 590 | _aWB | ||
| 650 | _aFOOT-AND-MOUTH DISEASE | ||
| 650 | _aNORTHERN IRELAND | ||
| 650 | _aCULL | ||
| 650 | _aSHEEP | ||
| 650 | _aLIVESTOCK MOVEMENT | ||
| 650 | _aANIMAL HEALTH | ||
| 690 |
_aRural _96268 |
||
| 942 | _n0 | ||
| 999 |
_c66622 _d66622 |
||